000 00422nam a2200145Ia 4500
999 _c6274
_d6274
020 _a9780195695038
082 _aRR 923.254 SEN-B
100 _aSen, Amiya P.
245 0 _aBankim Chandra Chattopadhyay: an intellectual biography
260 _aNew Delhi
_bOxford University Press
_c2008
300 _ax, 133
504 _aincludes appendices
650 _aChattopadhyay, Bankim Chandra (1838-1894)
_vBiography
942 _cBK